LEADER 01134nam a2200265 i 4500 001 000000026097 003 CaOOAMICUS 005 20221013161014.0 008 180830s1956 it u000 u ita u 040 $aSeMil$bita 100 1 $aCarlyle, Robert Warrand.$0(OLS)http://semarc/name/11661 240 12$aA History of Medieval Political Theory in the West.$0(OLS)http://semarc/title/35205 245 13$aIl pensiero politico medievale /$cRobert W. e Alexander J. Carlyle ; a cura di Luigi Firpo. 260 $aBari :$bLaterza,$c1956-1968. 300 $a4 v. ;$c22 cm. 700 1 $aFirpo, Luigi,$d<1915-1989>.$0(OLS)http://semarc/name/3493 700 1 $aCarlyle, Alexander James.$0(OLS)http://semarc/name/11662 774 0 $t1.$kCollezione storica$w()52528 774 0 $t2.$kCollezione storica$w()210115 774 0 $t3.$kCollezione storica$w()210116 774 0 $t4.$kCollezione storica$w()210117 830 0$aCollezione storica.$0(OLS)http://semarc/title/6929 996 $6245$aIl pensiero politico medievale$9(OLS)http://semarc/title/35204 996 $6260$aBari :$bLaterza$9(OLS)http://semarc/publisher/29858 LEADER 00601naa a2200157 i 4500 001 000000297649 003 CaOOAMICUS 005 20180831172609.0 008 180831n xx u000 u und u 013 $a5215 040 $aSeMil$bita 100 1 $aFédou, Michel,$c.$0(OLS)http://semarc/name/10149 245 13$aLa figure de Socrate selon Justin. 600 04$aSocrate.$0(OLS)http://semarc/subject/3680 773 0 $tApologistes chrétiens.$dParis : Beauchesne, copyr. 1998.$kThéologie historique$z2-7010-1358-5$w()60786 996 $6245$aLa figure de Socrate selon Justin$9(OLS)http://semarc/title/373672